000 00392nam a2200145Ia 4500
008 230917s9999||||xx |||||||||||||| ||und||
040 _e85720
_aMAIN
041 _aEnglish
082 _a005.133 C152J
100 _aCampione, Mary
245 0 _aJava tutorial: Object-oriented programming for the Internet
260 _aReading
_bAddison-Wesley
_c2000
300 _axix, 964 p.
942 _cBK
999 _c105858
_d105858